[Event "Dubai The Arbor blitz op"]
[Site "Dubai"]
[Date "2019.04.12"]
[Round "9"]
[White "Manjee, Parth"]
[Black "Kumaravel, Adhav"]
[Result "1-0"]
[WhiteElo "1292"]
[BlackElo "1533"]
[PlyCount "103"]
[EventDate "2019.04.12"]
[EventType "swiss (blitz)"]
[EventRounds "9"]
[EventCountry "UAE"]
[SourceTitle "CBM 189 Extra"]
[Source "ChessBase"]
[SourceDate "2019.06.03"]
[SourceVersion "1"]
[SourceVersionDate "2019.06.03"]
[SourceQuality "1"]

1. e4 e5 2. Nc3 Nf6 3. d3 Bc5 4. f4 d6 5. Nf3 0-0 6. Na4 Bb6 7. Nxb6 axb6 8. fxe5 dxe5 9. Nxe5 Re8 10. Nf3 Bg4 11. Be2 Nc6 12. 0-0 h6 13. Be3 Qd7 14. Qe1 Bxf3 15. Bxf3 Nd4 16. Bd1 c5 17. Qg3 Kh8 18. c3 Nc6 19. Bxh6 Rg8 20. Bg5 Nh7 21. Be3 Qxd3 22. Rxf7 Qxe4 23. Bb3 c4 24. Bd1 Ne5 25. Rf4 Qd5 26. Rh4 Nd3 27. Bf3 Qe6 28. Be4 g6 29. Bd4+ Rg7 30. Qxg6 Qxg6 31. Bxg6 Kg8 32. Bxg7 Kxg7 33. Bxh7 Ne5 34. Be4 Rd8 35. h3 Rd2 36. b3 cxb3 37. axb3 Nd7 38. Ra7 Nc5 39. Bxb7 Kf6 40. Bd5 Rxd5 41. Rb4 Rd6 42. Kh2 Nd3 43. Rh4 Ke5 44. Rd4 Rxd4 45. cxd4+ Kxd4 46. Rb7 Kc5 47. Rb8 Nc1 48. g4 Nxb3 49. h4 Nd4 50. h5 b5 51. h6 Ne6 52. h7 1-0